| LEADER | 00486cam a2200157 7i4500 | ||
|---|---|---|---|
| 001 | 0000032991 | ||
| 005 | 20151208090000.0 | ||
| 020 | 0 | 0 | |a 978-92-95044-48-7 |
| 090 | 0 | 0 | |a I 338.4791 |b WOR |
| 110 | 2 | 0 | |a World Economic Forum |
| 245 | 2 | 0 | |a The Travel & tourism competitiveness report 2015 : |b growth through shocks. |
| 260 | 0 | 0 | |a Geneva: |b World Economic Forum, |c 2015. |
| 300 | # | # | |a viii, 508 p. |
| 650 | 0 | 0 | |a Tourism |
| 650 | 0 | 0 | |a Travel |
| 999 | |a 0000037008 |b Book |c International |e Business Information Centre | ||


